[Event "SVK-ch Blitz"]
[Site "Nitra"]
[Date "2022.10.29"]
[Round "4"]
[White "Petran, Peter"]
[Black "Pereszlenyi, Gejza"]
[Result "1-0"]
[WhiteElo "2141"]
[BlackElo "1904"]
[PlyCount "99"]
[EventDate "2022.10.29"]
[EventType "swiss"]
[EventRounds "13"]
[EventCountry "SVK"]
[SourceTitle "EXT 2024"]
[Source "ChessBase"]
[SourceDate "2023.10.10"]
[SourceVersion "1"]
[SourceVersionDate "2023.10.10"]
[SourceQuality "1"]

1. g3 d5 2. Bg2 c6 3. Nf3 Bf5 4. d3 e6 5. Nbd2 Nf6 6. b3 Be7 7. Bb2 Nbd7 8. 0-0 0-0 9. c4 Rc8 10. a3 c5 11. Qc2 d4 12. Rfb1 e5 13. b4 b6 14. Nh4 Be6 15. Bc1 Ng4 16. Nhf3 Ngf6 17. Nb3 g6 18. bxc5 bxc5 19. Bd2 Re8 20. Ba5 Nb6 21. a4 Qd6 22. Bd2 Bf8 23. a5 Nbd7 24. Be1 Bg7 25. Nbd2 Rb8 26. Qa4 Rxb1 27. Rxb1 Rb8 28. Rxb8+ Qxb8 29. Ng5 Bg4 30. f3 h6 31. Nxf7 Kxf7 32. fxg4 Qc7 33. h3 Ne8 34. Ne4 Nd6 35. Nxd6+ Qxd6 36. Qb5 Qc7 37. Bd5+ Ke7 38. h4 Nf6 39. Bf3 h5 40. gxh5 gxh5 41. a6 Ng4 42. Ba5 Qd6 43. Qb7+ Kf6 44. Bxg4 hxg4 45. Kg2 e4 46. Qxe4 Qe6 47. Qxe6+ Kxe6 48. Bb6 Bf8 49. Bxa7 Bd6 50. Bb6 1-0

[Event "SVK-ch Blitz"]
[Site "Nitra"]
[Date "2022.10.29"]
[Round "8"]
[White "Sosovickova, Martina"]
[Black "Pereszlenyi, Gejza"]
[Result "1-0"]
[WhiteElo "1605"]
[BlackElo "1904"]
[PlyCount "44"]
[EventDate "2022.10.29"]
[EventType "swiss"]
[EventRounds "13"]
[EventCountry "SVK"]
[SourceTitle "EXT 2024"]
[Source "ChessBase"]
[SourceDate "2023.10.10"]
[SourceVersion "1"]
[SourceVersionDate "2023.10.10"]
[SourceQuality "1"]

1. e4 c5 2. Nf3 d6 3. Bb5+ Bd7 4. Bxd7+ Qxd7 5. 0-0 Nc6 6. c3 Nf6 7. Re1 e5 8. d4 cxd4 9. cxd4 Be7 10. Nc3 0-0 11. Bg5 Rfd8 12. dxe5 dxe5 13. Qe2 Nd4 14. Nxd4 exd4 15. Rad1 h6 16. Bxf6 Bxf6 17. Nd5 Be5 18. f4 Bd6 19. Kh1 Bc5 20. b4 Bb6 21. Qd2 Bc7 22. Qxd4 Qg4 1-0

[Event "SVK-ch Seniors 65"]
[Site "Tatranske Matliare"]
[Date "2022.05.29"]
[Round "2"]
[White "Pereszlenyi, Gejza"]
[Black "Petran, Peter"]
[Result "0-1"]
[WhiteElo "1886"]
[BlackElo "2225"]
[PlyCount "80"]
[EventDate "2022.05.28"]
[EventType "swiss"]
[EventRounds "9"]
[EventCountry "SVK"]
[SourceTitle "EXT 2024"]
[Source "ChessBase"]
[SourceDate "2023.10.10"]
[SourceVersion "1"]
[SourceVersionDate "2023.10.10"]
[SourceQuality "1"]

1. d4 g6 2. Nf3 Bg7 3. g3 d6 4. Bg2 c6 5. c3 Nf6 6. Nbd2 0-0 7. 0-0 Qc7 8. Qc2 Nbd7 9. e4 Re8 10. Re1 e5 11. dxe5 dxe5 12. Nb3 b6 13. Be3 Ng4 14. h3 Nxe3 15. Rxe3 a5 16. Rd1 a4 17. Nbd2 Bh6 18. Ree1 b5 19. Nf1 Nc5 20. g4 Be6 21. g5 Bg7 22. Qb1 f5 23. gxf6 Bxf6 24. Ng3 Rad8 25. Kh2 Qf7 26. Rxd8 Rxd8 27. Rd1 Bxa2 28. Rxd8+ Bxd8 29. Qd1 Qd7 30. Qxd7 Nxd7 31. h4 Be6 32. h5 Bf6 33. hxg6 hxg6 34. Bf1 Nc5 35. Kg2 Kf8 36. Be2 Ke7 37. Kf1 Bg4 38. Nd2 Bh3+ 39. Ke1 Bg5 40. Kd1 Bf4 0-1

[Event "Banska Stiavnica V4 op"]
[Site "Banska Stiavnica"]
[Date "2018.07.10"]
[Round "4"]
[White "Nogrady, Vilmos"]
[Black "Pereszlenyi, Gejza"]
[Result "0-1"]
[WhiteElo "2154"]
[BlackElo "1899"]
[PlyCount "140"]
[EventDate "2018.07.07"]
[EventType "swiss"]
[EventRounds "9"]
[EventCountry "SVK"]
[SourceTitle "CBM 185 Extra"]
[Source "ChessBase"]
[SourceDate "2018.07.29"]
[SourceVersion "1"]
[SourceVersionDate "2018.07.29"]
[SourceQuality "1"]

1. e4 Nf6 2. e5 Nd5 3. d4 d6 4. Nf3 Nc6 5. Be2 dxe5 6. dxe5 Bf5 7. 0-0 Ndb4 8. Na3 Qxd1 9. Bxd1 0-0-0 10. c3 Nd3 11. Nc2 Ndxe5 12. Ncd4 Nxf3+ 13. Bxf3 Nxd4 14. cxd4 e6 15. Be3 a6 16. Rfc1 Bd6 17. Rc3 Rd7 18. a3 c6 19. Rac1 Bc7 20. b4 Kb8 21. a4 Bd6 22. Rb3 f6 23. b5 cxb5 24. axb5 a5 25. Ra1 Bb4 26. Bf4+ Bd6 27. Bxd6+ Rxd6 28. Rxa5 Rxd4 29. b6 Rhd8 30. h3 R8d6 31. Ra7 Be4 32. Bxe4 Rxe4 33. Ra2 Re1+ 34. Kh2 Rc1 35. Ra4 Rcc6 36. Rab4 e5 37. Rb2 Kc8 38. g3 Kd7 39. Kg2 Ke6 40. Rb5 f5 41. R5b4 g5 42. R4b3 h5 43. Rb5 g4 44. R5b4 e4 45. Rb5 Rd1 46. Rb1 Rd2 47. hxg4 hxg4 48. Rh1 Rd5 49. Rh6+ Ke5 50. Rxc6 Rxb5 51. Rg6 e3 52. fxe3 Rb2+ 53. Kf1 Ke4 54. Rf6 Kxe3 55. Rxf5 Rb1+ 56. Kg2 Rxb6 57. Rf4 Rg6 58. Rb4 b6 59. Rb5 Kd4 60. Kf2 Kc4 61. Rf5 b5 62. Ke3 b4 63. Rf8 b3 64. Rb8 Rg5 65. Kd2 Rd5+ 66. Kc1 Rd3 67. Rc8+ Kd4 68. Rd8+ Ke3 69. Rf8 Ke2 70. Re8+ Kf3 0-1

[Event "Banska Stiavnica V4 op"]
[Site "Banska Stiavnica"]
[Date "2018.07.07"]
[Round "1"]
[White "Pereszlenyi, Gejza"]
[Black "Kantorik, Marian"]
[Result "0-1"]
[WhiteElo "1899"]
[BlackElo "2279"]
[PlyCount "80"]
[EventDate "2018.07.07"]
[EventType "swiss"]
[EventRounds "9"]
[EventCountry "SVK"]
[SourceTitle "CBM 185 Extra"]
[Source "ChessBase"]
[SourceDate "2018.07.29"]
[SourceVersion "1"]
[SourceVersionDate "2018.07.29"]
[SourceQuality "1"]

1. d4 d5 2. Nf3 e6 3. Bf4 c5 4. e3 Qb6 5. Nc3 Nc6 6. Rb1 a6 7. Be2 Nf6 8. h3 Bd7 9. 0-0 cxd4 10. exd4 Be7 11. Re1 0-0 12. Bf1 Rac8 13. a3 Qa7 14. Qd2 b5 15. Ra1 Rfd8 16. g4 Be8 17. Bg5 Qc7 18. Bd3 Na5 19. Nd1 Nc4 20. Qe2 Ne4 21. Bxe7 Qxe7 22. Bxc4 Rxc4 23. Ne3 Rcc8 24. c3 f6 25. Kg2 Bf7 26. Nd2 Nxd2 27. Qxd2 Qc7 28. Rad1 a5 29. Rc1 Qb6 30. b4 h6 31. f4 Re8 32. h4 Qd6 33. Rf1 Bg6 34. f5 exf5 35. Nxf5 Bxf5 36. Rxf5 Re4 37. Kh3 Rce8 38. Rcf1 Re2 39. Qf4 R8e3+ 40. Rf3 Rxf3+ 0-1

[Event "SVK-chT2B 1718"]
[Site "Slovakia"]
[Date "2018.02.25"]
[Round "9.8"]
[White "Pereszlenyi, Gejza"]
[Black "Nadzamova, Rebeka"]
[Result "1/2-1/2"]
[WhiteElo "1907"]
[BlackElo "1714"]
[PlyCount "73"]
[EventDate "2017.10.28"]
[EventType "team-tourn"]
[EventRounds "11"]
[EventCountry "SVK"]
[SourceTitle "EXT 2019"]
[Source "ChessBase"]
[SourceDate "2018.10.10"]
[SourceVersion "1"]
[SourceVersionDate "2018.10.10"]
[SourceQuality "1"]
[WhiteTeam "Tlmace"]
[BlackTeam "Topolcany"]
[WhiteTeamCountry "SVK"]
[BlackTeamCountry "SVK"]

1. d4 Nf6 2. Nf3 b6 3. Bf4 Bb7 4. e3 e6 5. Be2 Be7 6. h3 d6 7. 0-0 0-0 8. Nbd2 Nbd7 9. Re1 c5 10. c3 Re8 11. Bf1 Ne4 12. Qc2 Nxd2 13. Qxd2 Bxf3 14. gxf3 e5 15. Bg3 Bf6 16. Ba6 Rb8 17. a4 Nf8 18. Rad1 Ne6 19. dxe5 dxe5 20. Bb5 Qxd2 21. Rxd2 Red8 22. Red1 Rxd2 23. Rxd2 Rd8 24. Rd7 Rxd7 25. Bxd7 Kf8 26. Bxe6 fxe6 27. Kf1 Ke7 28. Ke2 c4 29. f4 Kd6 30. fxe5+ Bxe5 31. f4 Bf6 32. e4 e5 33. f5 Bg5 34. Kd1 Bf6 35. Bf2 Kc6 36. Kc2 a6 37. b4 1/2-1/2

[Event "SVK-ch Seniors 65"]
[Site "Tatranske Matliare"]
[Date "2017.06.03"]
[Round "9"]
[White "Turiak, Anton"]
[Black "Pereszlenyi, Gejza"]
[Result "0-1"]
[WhiteElo "1803"]
[BlackElo "1909"]
[PlyCount "38"]
[EventDate "2017.05.27"]
[EventType "swiss"]
[EventRounds "9"]
[EventCountry "SVK"]
[SourceTitle "EXT 2023"]
[Source "ChessBase"]
[SourceDate "2022.10.05"]
[SourceVersion "1"]
[SourceVersionDate "2022.10.05"]
[SourceQuality "1"]

1. e4 e6 2. d4 d5 3. Nc3 Nf6 4. e5 Nfd7 5. f4 c5 6. Nce2 Nc6 7. Nf3 Be7 8. Be3 Qb6 9. Qc1 0-0 10. c3 f6 11. g3 cxd4 12. Nexd4 Nxd4 13. Nxd4 fxe5 14. fxe5 Nxe5 15. Qd2 Qxd4 16. Bxd4 Nf3+ 17. Kd1 Nxd2 18. Kxd2 Bf6 19. Bg2 Bxd4 0-1

[Event "SVK-chT2B 1617"]
[Site "Slovakia"]
[Date "2016.11.06"]
[Round "4.8"]
[White "Sopko, Rudolf"]
[Black "Pereszlenyi, Gejza"]
[Result "1/2-1/2"]
[WhiteElo "1853"]
[BlackElo "1905"]
[PlyCount "23"]
[EventDate "2016.10.08"]
[EventType "team-tourn"]
[EventRounds "11"]
[EventCountry "SVK"]
[SourceTitle "CBM 175 Extra"]
[Source "ChessBase"]
[SourceDate "2016.12.12"]
[SourceVersion "1"]
[SourceVersionDate "2016.12.12"]
[SourceQuality "1"]
[WhiteTeam "Trencin"]
[BlackTeam "Tlmace"]
[WhiteTeamCountry "SVK"]
[BlackTeamCountry "SVK"]

1. e4 e6 2. d4 d5 3. exd5 exd5 4. Nf3 Bd6 5. c4 dxc4 6. Bxc4 Nf6 7. Nc3 0-0 8. 0-0 Bg4 9. Bg5 Nc6 10. Bd5 h6 11. Bxc6 hxg5 12. Bxb7 1/2-1/2

[Event "Banska Stiavnica V4 op"]
[Site "Banska Stiavnica"]
[Date "2016.07.05"]
[Round "4"]
[White "Jablonicky, Frantisek"]
[Black "Pereszlenyi, Gejza"]
[Result "1-0"]
[WhiteElo "2149"]
[BlackElo "1938"]
[PlyCount "71"]
[EventDate "2016.07.02"]
[EventType "swiss"]
[EventRounds "9"]
[EventCountry "SVK"]
[SourceTitle "CBM 173 Extra"]
[Source "ChessBase"]
[SourceDate "2016.08.29"]
[SourceVersion "1"]
[SourceVersionDate "2016.08.29"]
[SourceQuality "1"]

1. Nf3 Nf6 2. c4 e6 3. e3 d5 4. Nc3 Be7 5. Be2 Nbd7 6. Qc2 0-0 7. 0-0 b6 8. Rd1 Bb7 9. d3 c5 10. e4 d4 11. Nb1 a5 12. Nbd2 Qc7 13. Nf1 Rfe8 14. Bd2 h6 15. b3 Kh7 16. a3 Ra7 17. b4 axb4 18. axb4 Rea8 19. Qb2 Qb8 20. Rdb1 Rxa1 21. Rxa1 Rxa1 22. Qxa1 Qa8 23. Qb2 e5 24. Ng3 g6 25. h4 Bc6 26. Nh2 Qa4 27. b5 Bb7 28. Qc1 Bf8 29. f4 Qb3 30. f5 Bg7 31. fxg6+ fxg6 32. h5 Nxh5 33. Nxh5 gxh5 34. Qf1 Nf8 35. Qf5+ Kh8 36. Qxh5 1-0

[Event "SVK-chT2B 1516"]
[Site "Slovakia"]
[Date "2016.01.24"]
[Round "7.2"]
[White "Kukel, Imre1111"]
[Black "Pereszlenyi, Gejza"]
[Result "1-0"]
[WhiteElo "2249"]
[BlackElo "1923"]
[PlyCount "80"]
[EventDate "2015.10.17"]
[EventType "team-tourn"]
[EventRounds "11"]
[EventCountry "SVK"]
[SourceTitle "EXT 2019"]
[Source "ChessBase"]
[SourceDate "2018.10.10"]
[SourceVersion "1"]
[SourceVersionDate "2018.10.10"]
[SourceQuality "1"]
[WhiteTeam "Komarno KSC"]
[BlackTeam "Surany Lokomotiva"]
[WhiteTeamCountry "SVK"]
[BlackTeamCountry "SVK"]

1. e4 e6 2. d4 d5 3. Nc3 dxe4 4. Nxe4 Nd7 5. Nf3 Ngf6 6. Bg5 Be7 7. Nxf6+ Nxf6 8. Bd3 h6 9. Bd2 c5 10. dxc5 Bxc5 11. Qe2 Bd7 12. 0-0-0 Qb6 13. Ne5 0-0 14. h4 Rac8 15. Nxd7 Nxd7 16. g4 Bd4 17. c3 Ne5 18. Bb1 Nc4 19. Be1 Rfd8 20. Rh3 g6 21. Rxd4 Rxd4 22. cxd4 Nxb2+ 23. Rc3 Rxc3+ 24. Bxc3 Na4 25. Qc4 Nxc3 26. Qc8+ Kh7 27. Qxc3 Qa6 28. Qd3 Qc6+ 29. Kb2 Qg2 30. Qg3 Qd5 31. Qf4 Qb5+ 32. Ka1 Qd7 33. h5 Kg8 34. hxg6 fxg6 35. Bxg6 Kg7 36. Bb1 Qc6 37. Qe3 Kf7 38. f4 a5 39. g5 hxg5 40. fxg5 Ke7 1-0

[Event "SVK-chT2B 1516"]
[Site "Slovakia"]
[Date "2015.10.18"]
[Round "2.1"]
[White "Pereszlenyi, Gejza"]
[Black "Pytlik, Pavol"]
[Result "0-1"]
[WhiteElo "1962"]
[BlackElo "2094"]
[PlyCount "58"]
[EventDate "2015.10.17"]
[EventType "team-tourn"]
[EventRounds "11"]
[EventCountry "SVK"]
[SourceTitle "EXT 2019"]
[Source "ChessBase"]
[SourceDate "2018.10.10"]
[SourceVersion "1"]
[SourceVersionDate "2018.10.10"]
[SourceQuality "1"]
[WhiteTeam "Surany Lokomotiva"]
[BlackTeam "Trencin PK"]
[WhiteTeamCountry "SVK"]
[BlackTeamCountry "SVK"]

1. d4 Nf6 2. Nf3 g6 3. Bf4 d6 4. e3 Bg7 5. Nbd2 Nbd7 6. Bc4 0-0 7. 0-0 c6 8. c3 b5 9. Bb3 Nb6 10. h3 h6 11. e4 c5 12. Bh2 Bb7 13. Re1 Nfd7 14. Qe2 c4 15. Bc2 e5 16. dxe5 dxe5 17. Red1 Qc7 18. a3 a6 19. g4 Rfe8 20. Nf1 Nc5 21. Rd2 Rad8 22. Rad1 Rxd2 23. Rxd2 Re7 24. Ng3 Nba4 25. Bxa4 Nxa4 26. Qd1 Nc5 27. Qe2 Qc6 28. Rd8+ Kh7 29. Qd2 Nxe4 0-1

[Event "SVK-ch op"]
[Site "Banska Stiavnica"]
[Date "2015.07.12"]
[Round "9"]
[White "Toma, Rudolf"]
[Black "Pereszlenyi, Gejza"]
[Result "1/2-1/2"]
[WhiteElo "2072"]
[BlackElo "1947"]
[PlyCount "117"]
[EventDate "2015.07.04"]
[EventType "swiss"]
[EventRounds "9"]
[EventCountry "SVK"]
[SourceTitle "CBM 167 Extra"]
[Source "ChessBase"]
[SourceDate "2015.09.14"]
[SourceVersion "1"]
[SourceVersionDate "2015.09.14"]
[SourceQuality "1"]

1. d4 Nf6 2. c4 g6 3. Nc3 d5 4. Bf4 Bg7 5. e3 0-0 6. Nf3 c5 7. dxc5 Qa5 8. Qd2 dxc4 9. Ne4 Nc6 10. Nxf6+ Bxf6 11. Qxa5 Nxa5 12. 0-0-0 b5 13. cxb6 axb6 14. Be5 Kg7 15. Be2 b5 16. Bxf6+ Kxf6 17. Nd4 Ba6 18. Bf3 Rab8 19. Nc2 b4 20. Rd5 Nc6 21. Rc5 Ne5 22. Be2 Rfc8 23. Rxc8 Bxc8 24. f4 Nd3+ 25. Bxd3 cxd3 26. Nd4 Ra8 27. Rd1 Bf5 28. Nxf5 Kxf5 29. Rxd3 Rxa2 30. Kb1 Ra7 31. Rd4 Rb7 32. Kc2 b3+ 33. Kc3 e5 34. fxe5 Kxe5 35. Rb4 Rc7+ 36. Kxb3 Rc1 37. Rc4 Re1 38. Rc3 Re2 39. Rc2 Rxe3+ 40. Kc4 f5 41. b4 Kd6 42. Kb5 Rb3 43. Ka5 f4 44. b5 g5 45. Kb6 h5 46. Rd2+ Ke5 47. Kc5 Rc3+ 48. Kb4 Rc8 49. Rb2 g4 50. b6 f3 51. gxf3 gxf3 52. Rd2 Ke4 53. Rd7 f2 54. Rf7 Ke3 55. h4 Ke2 56. Re7+ Kf3 57. Rf7+ Kg2 58. Rg7+ Kf3 59. Rf7+ 1/2-1/2

[Event "SVK-ch op"]
[Site "Banska Stiavnica"]
[Date "2015.07.08"]
[Round "5"]
[White "Zatko, Gregor"]
[Black "Pereszlenyi, Gejza"]
[Result "1-0"]
[WhiteElo "2151"]
[BlackElo "1947"]
[PlyCount "73"]
[EventDate "2015.07.04"]
[EventType "swiss"]
[EventRounds "9"]
[EventCountry "SVK"]
[SourceTitle "CBM 167 Extra"]
[Source "ChessBase"]
[SourceDate "2015.09.14"]
[SourceVersion "1"]
[SourceVersionDate "2015.09.14"]
[SourceQuality "1"]

1. d4 c5 2. e4 cxd4 3. Nf3 Nc6 4. Nxd4 d6 5. Nc3 Nf6 6. Bg5 Qa5 7. Bxf6 gxf6 8. g3 Bd7 9. Bg2 a6 10. Nb3 Qd8 11. Qh5 Bg7 12. 0-0 0-0 13. f4 Rc8 14. Rad1 Qe8 15. Nd5 Be6 16. c3 Kh8 17. Nc1 Rg8 18. Nd3 Bf8 19. Nf2 Rg6 20. Rfe1 Bg7 21. Qe2 f5 22. g4 fxg4 23. f5 Rg5 24. fxe6 fxe6 25. Nb6 Rd8 26. Nxg4 Qg6 27. Ne3 Rg8 28. Kh1 Be5 29. Bf3 Bf4 30. Ng2 Bxh2 31. Kxh2 Ne5 32. Rd2 Qh6+ 33. Kg1 Rxg2+ 34. Bxg2 Qxd2 35. Qxd2 Nf3+ 36. Kf2 Nxd2 37. Rd1 1-0

[Event "SVK-chT2B 1415"]
[Site "Slovakia"]
[Date "2015.03.07"]
[Round "10.4"]
[White "Pereszlenyi, Gejza"]
[Black "Beres, Dominik"]
[Result "0-1"]
[WhiteElo "1953"]
[BlackElo "2103"]
[PlyCount "118"]
[EventDate "2014.10.11"]
[EventType "team-tourn"]
[EventRounds "11"]
[EventCountry "SVK"]
[SourceTitle "EXT 2019"]
[Source "ChessBase"]
[SourceDate "2018.10.10"]
[SourceVersion "1"]
[SourceVersionDate "2018.10.10"]
[SourceQuality "1"]
[WhiteTeam "Nitra NSK II"]
[BlackTeam "Tlmace SK"]
[WhiteTeamCountry "SVK"]
[BlackTeamCountry "SVK"]

1. d4 Nf6 2. Bf4 g6 3. Nf3 Bg7 4. e3 0-0 5. Be2 d6 6. 0-0 Nh5 7. Bg5 c6 8. Nbd2 Qc7 9. c3 Nf6 10. Bh4 Bf5 11. h3 a6 12. Re1 b5 13. Bf1 e5 14. g4 Bc8 15. Bg2 Nbd7 16. Bg3 Bb7 17. e4 Rad8 18. a4 c5 19. axb5 axb5 20. Qb3 Rb8 21. d5 Bc8 22. Rec1 c4 23. Qb4 Nc5 24. Ne1 Bh6 25. Rd1 Bxd2 26. Rxd2 Nb3 27. Rdd1 Nxa1 28. Rxa1 Bd7 29. Ra6 Rb6 30. Qa5 Rfb8 31. Bh4 Kg7 32. Nc2 Ne8 33. Nb4 Rxa6 34. Qxa6 Qb7 35. Qa1 Ra8 36. Qc1 Qa7 37. Kh2 Qa1 38. Qd2 Qb1 39. Bg5 f6 40. Be3 Ra1 41. g5 f5 42. f3 Qe1 43. exf5 Bxf5 44. f4 Qxd2 45. Bxd2 Rb1 46. fxe5 Rxb2 47. Bc1 Re2 48. exd6 Nxd6 49. Kg3 Ne4+ 50. Bxe4 Rxe4 51. Bf4 Re1 52. d6 Kf7 53. Nc6 Rd1 54. Ne5+ Ke8 55. Kf2 Bxh3 56. Nf3 Bd7 57. Be5 Bc6 58. Nd4 Kd7 59. Nf3 Bxf3 0-1

[Event "SVK-chT2B 1415"]
[Site "Slovakia"]
[Date "2015.02.15"]
[Round "9.5"]
[White "Regec, Stanislav"]
[Black "Pereszlenyi, Gejza"]
[Result "1-0"]
[WhiteElo "2082"]
[BlackElo "1953"]
[PlyCount "47"]
[EventDate "2014.10.11"]
[EventType "team-tourn"]
[EventRounds "11"]
[EventCountry "SVK"]
[SourceTitle "EXT 2019"]
[Source "ChessBase"]
[SourceDate "2018.10.10"]
[SourceVersion "1"]
[SourceVersionDate "2018.10.10"]
[SourceQuality "1"]
[WhiteTeam "Batorove Kosihy"]
[BlackTeam "Nitra NSK II"]
[WhiteTeamCountry "SVK"]
[BlackTeamCountry "SVK"]

1. c4 Nf6 2. Nc3 d5 3. cxd5 Nxd5 4. Nf3 Nxc3 5. bxc3 g6 6. g3 Bg7 7. Bg2 0-0 8. 0-0 c5 9. d4 Nc6 10. e3 Bg4 11. Ba3 cxd4 12. cxd4 Qd7 13. Qb3 Rac8 14. Rac1 h6 15. d5 Na5 16. Qb4 b6 17. Qxe7 Qxd5 18. Nd4 Qxa2 19. Ra1 Qd2 20. Qxa7 Rfe8 21. Bd5 Kh7 22. Bxf7 Rxe3 23. Qxb6 Bxd4 24. Qxg6+ 1-0

[Event "SVK-chT2B 1415"]
[Site "Slovakia"]
[Date "2014.12.06"]
[Round "5.5"]
[White "Pereszlenyi, Gejza"]
[Black "Jancovic, Peter"]
[Result "1-0"]
[WhiteElo "1953"]
[BlackElo "2171"]
[PlyCount "81"]
[EventDate "2014.10.11"]
[EventType "team-tourn"]
[EventRounds "11"]
[EventCountry "SVK"]
[SourceTitle "EXT 2019"]
[Source "ChessBase"]
[SourceDate "2018.10.10"]
[SourceVersion "1"]
[SourceVersionDate "2018.10.10"]
[SourceQuality "1"]
[WhiteTeam "Nitra NSK II"]
[BlackTeam "Nitra ASK"]
[WhiteTeamCountry "SVK"]
[BlackTeamCountry "SVK"]

1. e4 c5 2. Nc3 Nc6 3. g3 g6 4. Bg2 Bg7 5. Nge2 d6 6. d3 Nf6 7. 0-0 0-0 8. h3 Rb8 9. a4 a6 10. Be3 Qc7 11. Qd2 Re8 12. Kh2 e6 13. f4 b5 14. axb5 axb5 15. b3 Nd7 16. d4 b4 17. Na4 Na5 18. Rad1 c4 19. Nc1 Bb7 20. e5 Bxg2 21. Qxg2 Rec8 22. exd6 Qxd6 23. f5 Qd5 24. fxe6 Qxe6 25. Bf4 Ra8 26. Nc5 Nxc5 27. dxc5 cxb3 28. cxb3 Bf8 29. Rd5 Qc6 30. Qf3 Ra7 31. Be5 f5 32. Ne2 Rd7 33. Nf4 Rxd5 34. Nxd5 Qxc5 35. Nf6+ Kf7 36. Bb2 Bg7 37. Rc1 Qxc1 38. Qd5+ Kf8 39. Qg8+ Ke7 40. Qxg7+ Ke6 41. Qd7# 1-0

[Event "SVK-chT1W 1415"]
[Site "Slovakia"]
[Date "2014.10.19"]
[Round "2.6"]
[White "Pereszlenyi, Gejza"]
[Black "Mydlarik, Martin"]
[Result "1/2-1/2"]
[WhiteElo "1953"]
[BlackElo "2138"]
[PlyCount "102"]
[EventDate "2014.10.18"]
[EventType "team-tourn"]
[EventRounds "11"]
[EventCountry "SVK"]
[SourceTitle "EXT 2016"]
[Source "ChessBase"]
[SourceDate "2015.10.08"]
[SourceVersion "1"]
[SourceVersionDate "2015.10.08"]
[SourceQuality "1"]
[WhiteTeam "Nitra NSK"]
[BlackTeam "Modra"]
[WhiteTeamCountry "SVK"]
[BlackTeamCountry "SVK"]

1. d4 Nf6 2. Nf3 g6 3. Bf4 Bg7 4. e3 0-0 5. Nbd2 d6 6. h3 c5 7. c3 Nc6 8. Be2 cxd4 9. exd4 h6 10. 0-0 Nd5 11. Bh2 e5 12. Qb3 Nb6 13. dxe5 dxe5 14. Rfd1 Qe7 15. Nf1 Be6 16. Qb5 Bd7 17. Qb3 Be6 18. Qb5 Bd7 19. Qb3 Rfd8 20. Ne3 Be6 21. Qc2 f5 22. g4 e4 23. Ne1 Ne5 24. N1g2 Nd5 25. gxf5 Nxe3 26. Nxe3 gxf5 27. Ng2 Ng6 28. Kh1 Kh8 29. Rxd8+ Rxd8 30. Rd1 Bd5 31. Qd2 Rd7 32. Qe3 a6 33. Bh5 Bf7 34. Rd2 Kh7 35. Bxg6+ Bxg6 36. Nf4 Bf7 37. a3 Bf6 38. Bg3 Bg5 39. Kh2 Bc4 40. Rxd7 Qxd7 41. Qc5 Qf7 42. Qe5 Bd8 43. Qd4 Bf6 44. Qd6 Qe7 45. Nh5 Qxd6 46. Bxd6 Bg5 47. Nf4 Kg7 48. Be5+ Kf7 49. Kg3 Be7 50. h4 Bc5 51. Ng2 Bb3 1/2-1/2

[Event "SVK-chT2B 1415"]
[Site "Slovakia"]
[Date "2014.10.12"]
[Round "2.4"]
[White "Pereszlenyi, Gejza"]
[Black "Dobrotka, Martin"]
[Result "1/2-1/2"]
[WhiteElo "1953"]
[BlackElo "2189"]
[PlyCount "75"]
[EventDate "2014.10.11"]
[EventType "team-tourn"]
[EventRounds "11"]
[EventCountry "SVK"]
[SourceTitle "EXT 2019"]
[Source "ChessBase"]
[SourceDate "2018.10.10"]
[SourceVersion "1"]
[SourceVersionDate "2018.10.10"]
[SourceQuality "1"]
[WhiteTeam "Nitra NSK II"]
[BlackTeam "Bojnice SK PRM"]
[WhiteTeamCountry "SVK"]
[BlackTeamCountry "SVK"]

1. d4 d6 2. c4 e5 3. d5 f5 4. Nf3 Nf6 5. g3 g6 6. Bg2 Bg7 7. 0-0 0-0 8. Nc3 Qe7 9. Bg5 h6 10. Bxf6 Rxf6 11. e3 Nd7 12. Rc1 e4 13. Nd4 Ne5 14. b3 Bd7 15. Rc2 Kh7 16. Nce2 c5 17. dxc6 bxc6 18. Nf4 Qf7 19. Rd2 Bf8 20. h4 Be7 21. f3 exf3 22. Nxf3 Nxf3+ 23. Bxf3 Rg8 24. Rh2 Bd8 25. Qd3 Bb6 26. Kg2 Qe7 27. e4 Re8 28. Re1 Qe5 29. Rhh1 Kg7 30. Re2 Qc5 31. Rhe1 fxe4 32. Bxe4 Bg4 33. Bf3 Bxf3+ 34. Qxf3 Rxe2+ 35. Qxe2 Qe5 36. Qxe5 dxe5 37. Rxe5 Kf7 38. c5 1/2-1/2